| 000 | 00529ntm a2200193 i 4500 | ||
|---|---|---|---|
| 001 | 16760 | ||
| 003 | ES-MaACL | ||
| 005 | 20230906151406.0 | ||
| 007 | t| | ||
| 008 | 001102s2000 sp |||| | spa d | ||
| 080 | _a529(04) | ||
| 100 | 1 |
_aBalguerías Jiménez, Antonio. _924934 |
|
| 245 | 1 | 4 |
_aLos siglos 01 / _c[Antonio Balguerías Jiménez]. |
| 260 |
_a[Madrid : _bEl autor, _c2000] |
||
| 300 |
_a[27] h. ; _c30 cm. |
||
| 500 | _aEjemplar mecanografiado. | ||
| 650 | 1 | 4 |
_aCronología. _911457 |
| 852 |
_aES-MaACL _j2155-F-16 |
||
| 999 |
_c16760 _d16760 |
||